| 000 | 01123nam a2200121Ia 4500 | ||
|---|---|---|---|
| 008 | 220620s9999||||xx |||||||||||||| ||und|| | ||
| 245 | 0 |
_aCultural Competence and the Higher Education Sector _bAustralian Perspectives, Policies and Practice |
|
| 546 | _aEnglish[eng] | ||
| 650 | _aHigher Education||Educational Policy and Politics||Ethnicity in Education||Sociology of Education||open access||Indigenous higher education||student equity||student transition||higher education policy||Indigenous research||community engagement||cultural competency policy and practices||developing cultural competency in higher education||implementing cultural competency in higher education||culturally competent leadership||culturally responsive pedagogy||diversity, social justice, equity and inclusion||culturally competent service learning||Higher & further education, tertiary education||Educational strategies & policy||Education||Sociology | ||
| 700 | _aFrawley, Jack||Russell, Gabrielle||Sherwood, Juanita | ||
| 856 | _uhttps://library.oapen.org/bitstream/20.500.12657/39549/1/2020_Book_CulturalCompetenceAndTheHigher.pdf | ||
| 942 | _cEB | ||
| 999 |
_c29139 _d29139 |
||